52 tips para escribir claro y entendible : (Record no. 157124)

MARC details
000 -CABECERA
campo de control de longitud fija 00584nam a2200193 u 4500
005 - FECHA Y HORA DE LA ÚLTIMA TRANSACCIÓN
campo de control 20230511063603.0
008 - ELEMENTOS DE LONGITUD FIJA--INFORMACIÓN GENERAL
campo de control de longitud fija 120613s2011 r 000 0 eng d
020 ## - NÚMERO INTERNACIONAL NORMALIZADO PARA LIBROS
Número Internacional Estándar del Libro 9786074571547
035 ## - NÚMERO DE CONTROL DEL SISTEMA
Número de control de sistema UPN01000185021
049 ## - COLECCIÓN
Colección CG
050 #4 - SIGNATURA TOPOGRÁFICA DE LA BIBLIOTECA DEL CONGRESO
Número de clasificación PN181
Número de documento/Ítem R8.2
100 1# - ASIENTO PRINCIPAL--NOMBRE PERSONAL
Nombre de persona Ruvalcaba, Eusebio,
Fechas asociadas al nombre 1951-2017
9 (RLIN) 32647
245 10 - MENCIÓN DE TÍTULO
Título 52 tips para escribir claro y entendible :
Resto del título con sus respectivas consideraciones literarias /
Mención de responsabilidad, etc. Eusebio Ruvalcaba.
260 ## - PUBLICACIÓN, DISTRIBUCIÓN, ETC.
Lugar de publicación, distribución, etc. México :
Nombre del editor, distribuidor, etc. Lectorum,
Fecha de publicación, distribución, etc. 2011.
300 ## - DESCRIPCIÓN FÍSICA
Extensión 158 p.
650 #2 - ASIENTO SECUNDARIO DE MATERIA - TERMINO TEMATICO
Término de materia o nombre geográfico como elemento de entrada Arte de escribir
9 (RLIN) 2551
905 ## - TIPO DE MATERIAL
Tipo de material Libro
Holdings
Estado de retiro Estado de pérdida Fuente del sistema de clasificación o colocación Estado dañado No para préstamo Código de colección Localización permanente Ubicación/localización actual Ubicación en estantería Total de préstamos Clasificación Código de barras Fecha visto por última vez Número de copia Tipo de ítem Koha
    Library of Congress Classification     Colección General Bib. Gregorio Torres Quintero Bib. Gregorio Torres Quintero Planta baja 1 PN181 R8.2 212558 31/12/2020 1 Libro
    Library of Congress Classification     Colección General Bib. Gregorio Torres Quintero Bib. Gregorio Torres Quintero Planta baja 10 PN181 R8.2 283624 31/12/2020 1 Libro